Giorgione: 150 tavole in rotocalco e 2 tricromie

Furkejuvvon:
Bibliográfalaš dieđut
Váldodahkki: Fiocco, Giuseppe (Dahkki)
Materiálatiipa: Girji
Giella:itáliagiella
Almmustuhtton: Bérgamo Istituto Italiano d'Arti Grafiche 1948
Ráidu:2a. ed
Fáttát:
Fáddágilkorat: Lasit fáddágilkoriid
Eai fáddágilkorat, Lasit vuosttaš fáddágilkora!

MARC

LEADER 00000nam a2200000 a 4500
001 UCZ1593
003 CL-VaPUC
008 950824e19480000IT |||||||||||||||||ita|d
082 0 4 |a 759.5  |b FIO  |2 21 
100 0 |a Fiocco, Giuseppe  |e author  |9 345207 
245 1 0 |a Giorgione: 150 tavole in rotocalco e 2 tricromie 
300 |a 150 p 
942 |c BK 
945 |d 19950824 00:00:00  |a awong 
260 |a Bérgamo  |b Istituto Italiano d'Arti Grafiche  |c 1948 
650 0 |a Pintura italiana  |9 265293 
650 0 |a Pintores italianos  |9 265277 
650 0 |a Renacimiento  |9 255107 
650 0 |a Manierismo  |9 268679 
651 0 |a Italia  |9 254949 
583 |a last modification  |c 19950824 00:00:00  |k Rodrigo Vera 
490 0 |a 2a. ed 
999 |c 238327  |d 238325 
952 |0 0  |1 0  |4 0  |6 759_500000000000000_FIO_1948  |7 0  |8 A  |9 248460  |a BIBART  |b BIBART  |d 2019-11-18  |i 312875K  |o 759.5 FIO 1948  |p 312875K  |r 2025-03-13  |w 2019-11-18  |y BK  |k ART